[Event "Tilburg"]
[Site "Tilburg"]
[Date "1993.??.??"]
[Round "2"]
[White "Jussupow, Artur"]
[Black "Hodgson, Julian M"]
[Result "1-0"]
[WhiteElo "2630"]
[BlackElo "2625"]
[Annotator "Jussupow,A"]
[PlyCount "62"]
[EventDate "1993.11.??"]
[EventType "k.o."]
[EventRounds "7"]
[EventCountry "NED"]
[SourceTitle "CBM 042"]
[Source "ChessBase"]
[SourceDate "1994.10.01"]
[SourceVersion "1"]
[SourceVersionDate "1994.10.01"]
[SourceQuality "1"]

1. d4 d6 2. e4 Nf6 3. Nc3 g6 4. f4 Bg7 5. Nf3 c5 6. Bb5+ Bd7 7. e5 Ng4 8. Bxd7+
Qxd7 (8... Nxd7 $2 {Bengtsson-Van Parreren/Buenos Aires ol/1978/} 9. e6 $1 fxe6
10. Ng5 cxd4 11. Nxe6 Qa5 12. Nxg7+ Kf7 13. Qxg4 dxc3 14. b4 $16 (14. O-O)) 9.
d5 (9. h3 cxd4 10. Qxd4 Nh6 11. Qf2 Nc6 12. O-O O-O 13. Re1 Rad8 14. Be3 Nf5
15. Bxa7 Nxa7 16. Qxa7 dxe5 17. fxe5 Qc6 18. Qf2 h5 19. Re4 Rd7 $44 {
Mikhalchishin,A-Van Wely,L/Kecskemet/1991/}) (9. Ng5 $2 cxd4 10. e6 fxe6 11.
Qxg4 dxc3 12. Nxe6 cxb2 $1 $19 {Purdy-Byrne/USA/1968}) 9... dxe5 (9... Na6 $6
10. h3 Nh6 11. g4 (11. O-O O-O-O $6 (11... O-O $5 {Dvoretsky}) (11... Nf5 $5 {
Dvoretsky}) 12. Be3 Nf5 13. Bf2 h5 14. Ng5 e6 {Dvoretsky-Peev/Plovdiv EU Cup/
1975/} 15. dxe6 $1 fxe6 16. exd6 $16 {Dvoretsky}) (11. Be3 Nf5 12. Bf2 h5 13.
Qe2 O-O-O 14. O-O-O $14 {Filipowicz-Sapi/Budapest/1976/}) 11... O-O-O 12. Be3
e6 13. Qe2 (13. Ne4 $6 dxe5 14. fxe5 Kb8 $1 (14... Qxd5 15. Nd6+ Rxd6 16. exd6
Nb4 17. O-O $16) 15. Bxh6 $6 (15. d6 Qc6 $132) 15... Bxh6 16. g5 Qxd5 $15 {
Melville Lacourrelle-Saidy/Lanzarote/1973}) 13... f5 (13... exd5 14. Nxd5 Rhe8
(14... dxe5 15. O-O-O Qe6 16. Ng5 Qe8 17. Qc4 $18 {Nunn}) 15. O-O-O Qc6 16. Rd2
dxe5 17. Rhd1 $16 {/\ Ne7 /Kozlov-Peev/Lublin/1975/}) 14. O-O-O $1 (14. exf6 $2
Bxf6 15. dxe6 Bxc3+ $17) 14... Nc7 15. dxe6 Qxe6 16. Ng5 $16 {
Filipowicz-Heiberg/Gausdal/1977}) 10. h3 e4 (10... exf4 $2 11. hxg4 Bxc3+ 12.
bxc3 Qxg4 13. Qe2 g5 14. Bb2 $16 {Pinto-Reading/Los Angeles/USA/op/1991}) 11.
Nxe4 (11. hxg4 exf3 12. Qxf3 Na6 13. Bd2 Nb4 (13... O-O-O 14. O-O-O Nc7 15. Be1
Nb5 16. Nxb5 Qxb5 17. Bc3 $14 {Westerinen-Roa/Zaragosa/op/1993}) 14. O-O-O
O-O-O 15. Ne4 $5 (15. Be1 $2 Bxc3 16. bxc3 Nxa2+ $36 {Holzhaeuer,M-Zollbrecht,
J/2BLS 8788/1988/}) 15... Qb5 $5 {Nunn} (15... Nxa2+ $2 16. Kb1 Qb5 17. Qa3 Nb4
18. Nxc5 $16 {Hartmann-Kindermann/Bundesliga/1980})) 11... Nf6 12. Nxf6+ (12.
Ne5 Qc7 (12... Qa4 {= ECO /Wittmann-Parma/Graz/1974/} 13. Nxf6+ exf6 $5 (13...
Bxf6 14. O-O Nd7 15. Re1 Qd4+ 16. Be3 Qxd1 17. Raxd1 $14 {Yurkov-Kimelfeld/
Moscow/1975})) (12... Qd8 13. Nxf6+ exf6 $5 (13... Bxf6 14. O-O O-O (14... Nd7
$5 15. Qe2 O-O 16. Ng4 $6 (16. c4) 16... Bd4+ 17. Kh1 f5 $1 $36 {
Lokasto-Adamsky/Tbilisi/1972}) 15. c4 Qd6 (15... Nd7 16. Qe2 Re8 17. b3 a5 18.
Bb2 $14 {Maciejewski-Pribyl/Polanica Zdroi/1973}) 16. Qe2 e6 17. Ng4 Bd4+ 18.
Be3 exd5 19. Bxd4 cxd4 20. f5 $36 {Filipowicz-Drozd/ch-PL/1974}) 14. Nf3 (14.
Nc4 O-O $13 {Nunn}) 14... O-O 15. O-O f5 16. c4 Nd7 17. Qc2 $10 {
Boudy-Maciejewski/Polanica Zdroj/1976}) (12... Qc8 $6 13. Nxf6+ Bxf6 14. O-O
O-O 15. Ng4 Bd4+ 16. Kh1 Nd7 (16... f5 $5) 17. f5 Nf6 18. c3 Nxg4 19. cxd4 Nf6
20. d6 exd6 21. Bh6 $36 {Kraut,R-Froehlich,P/Altensteig II/1993/}) 13. Ng5 $6 (
13. d6 Qd8 $13 {Nunn} (13... Qa5+ 14. c3 (14. Bd2 Qa6 $13 {Dvoretsky}) 14...
O-O $13 {Dvoretsky} (14... Nxe4 15. d7+))) (13. Nxf6+) 13... O-O 14. O-O Nbd7
15. Nxd7 Qxd7 16. c4 b5 $17 {Bronstein-Pribyl/Tbilisi/1980}) (12. Nxc5 Qxd5 (
12... Qb5) 13. Qxd5 Nxd5 14. Nxb7 Nc6 $44 {/Fridstein/} (14... Nb4) 15. O-O (
15. Nc5 Ndb4) (15. c3 Nxc3) 15... Rb8 16. Nc5 Bxb2) 12... Bxf6 (12... exf6 $2
13. Qe2+ Qe7 14. Qxe7+ Kxe7 15. f5 $1 $16 {Dvoretsky}) 13. O-O c4 $2 (13... O-O
$142 {Yusupov-Hort/Bundesliga/1993/; /Yusupov-Adams/Dortmund/1994/}) 14. Ne5
Qb5 (14... Qc7 15. Qe2 $5 $36 (15. d6 $5 exd6 $140 16. Ng4 $36 {/\f5})) 15. Be3
O-O (15... Nd7 16. a4 $1 Qxb2 17. Bd4 Qb4 18. Nxd7 Kxd7 19. Rb1 $16) (15...
Qxb2 $5 16. Rb1 Qa3 17. Qe2 $40) 16. b3 $1 c3 (16... cxb3 17. axb3 $16 {/\c4} (
17. c4 $16 {Hansen,Cu})) 17. a4 Qa6 18. Qg4 $1 {פb8} Rd8 (18... Qd6 19. Rad1
Bxe5 20. fxe5 Qxe5 21. Bh6 $40 {Stohl} (21. Qf3 $5 $16 {/\Bh6,Bd4})) 19. Rad1
Qd6 {/\Nd7} 20. Nc4 Qd7 21. f5 $16 b5 (21... Na6 $5 22. Bg5 $16 {Stohl} (22.
Bd4 $16 {Hansen,Cu}) (22. d6 $5 Nb4 $140 23. Bc5)) 22. axb5 Qxb5 23. h4 $1 Nd7
(23... Rxd5 24. Rxd5 Qxd5 25. Rd1 Qxf5 26. Rd8+ Kg7 27. Qxf5 gxf5 28. Bf4 e5
29. Bxe5 Bxe5 30. Nxe5 {/\Nd7+- Stohl}) 24. h5 Nf8 $8 25. d6 Qb7 (25... exd6
26. fxg6 $18) (25... Qd7 {Hansen,Cu -CBM} 26. Bd4 Bxd4+ 27. Qxd4 exd6 28. h6 f6
29. Qxf6 $16 {Stohl -CBM}) 26. Bh6 Kh8 27. fxg6 (27. Bxf8 $6 gxh5 28. Qxh5 Rxf8
$16) 27... fxg6 28. Bg5 $1 gxh5 (28... Bxg5 29. Qxg5 exd6 30. Nxd6 Qb6+ 31. Kh1
Rxd6 32. Qe5+ $18) 29. Qxh5 Bxg5 30. Qxg5 $18 Ng6 31. Ne5 Rf8 (31... Nxe5 32.
Qxe5+ Kg8 33. Qg5+ Kh8 34. Rf7 $18) (31... Rf8 32. Nxg6+ hxg6 33. Qh6+ Kg8 34.
Qxg6+ Kh8 35. Rxf8+ Rxf8 36. d7 (36. Qh6+ Kg8 37. Qe6+ $18) 36... Rd8 (36...
Qb8 37. Rd3 $18) 37. Qe8+ $18) 1-0

[Event "HUN-ch"]
[Site "Lillafured"]
[Date "1999.02.04"]
[Round "4"]
[White "Acs, Peter"]
[Black "Chernin, Alexander"]
[Result "1/2-1/2"]
[WhiteElo "2521"]
[BlackElo "2604"]
[Annotator "Kaspi,A"]
[PlyCount "53"]
[EventDate "1999.02.01"]
[EventType "tourn"]
[EventRounds "9"]
[EventCountry "HUN"]
[EventCategory "13"]
[SourceTitle "CBM 070"]
[Source "ChessBase"]
[SourceDate "1999.06.08"]
[SourceVersion "1"]
[SourceVersionDate "1999.06.08"]
[SourceQuality "1"]

1. e4 {Tyomkin,D} d6 2. d4 Nf6 3. Nc3 g6 4. f4 Bg7 5. Nf3 c5 6. Bb5+ Bd7 7. e5
Ng4 8. Bxd7+ Qxd7 9. d5 dxe5 10. h3 e4 11. Nxe4 Nf6 12. Nxf6+ Bxf6 13. O-O O-O
14. Be3 Bxb2 15. Rb1 Bg7 (15... Bf6 $6 {[%csl Rg7,Rh6]} 16. Ne5 $1 Qc7 17. Ng4
Nd7 18. f5 $40 Rad8 19. Bh6 Bg7 20. d6 $1 exd6 21. Qd2 Bxh6 22. Qxh6 Kh8 23.
Rbe1 c4 24. fxg6 fxg6 25. Re7 Rxf1+ 26. Kxf1 Rf8+ 27. Ke2 {1-0,Liss,
E-Gofshtein,L/Rishon le Zion/1994/}) 16. Bxc5 (16. Ne5 Qc7 17. Ng4 Nd7 18. f5
Nf6 $15) 16... Rd8 17. c4 $146 {leads to the equality.Actually,black gets a
balance in this opening variation by exact play.} (17. Ne5 Qc7 18. Ba3 Nc6 $1
$132 19. Qf3 Nd4 20. Qe4 Nf5 21. Rb3 Rac8 22. Rc1 Nd6 23. Qe2 Bxe5 $1 $15 24.
Qxe5 Nc4 25. Qxe7 Rd7 26. Qe4 Nxa3 27. Rxa3 Qc5+ 28. Qe3 Qxe3+ 29. Rxe3 Rxd5
30. Re7 Rb5 31. a4 Rb4 32. a5 a6 $6 {1/2-1/2 Liss,E-Chernin,A/Rishon le Zion
1994}) (17. Re1 Qxd5 18. Bxe7 Qxd1 {1/2-1/2 Salai,L-Zimmerman,Y/Komarno 1997/
EXT 97 (18)}) 17... Qc7 18. Bd4 Qxc4 19. Bxg7 Kxg7 20. Rxb7 Qxd5 (20... Qc5+ $6
21. Kh1 Rxd5 22. Qa1+ f6 23. Ng5 $1 $18 {[%csl Ge6]}) (20... Rd7 $6 21. Qa1+ f6
22. Rfb1 $16 {[%csl Re6][%cal Gb7b8,Gb7e7]}) 21. Qxd5 Rxd5 22. Rxe7 $146 (22.
Rc1 Nd7 23. Rcc7 Nc5 24. Rxa7 Rxa7 25. Rxa7 Nd3 26. Rxe7 Nxf4 27. Re4 Ne6 $11 {
0-1 Gara,A-Zimmerman,Y/Budapest HUN 1999 (65)}) 22... Nc6 23. Rc7 Nd8 $1 {
[%csl Gf7] protecting the only weekness of black's position- f7-point.} 24. Re1
a5 25. Re8 Rb8 26. Ng5 h6 27. Rxd8 {[%cal Gg5e6]} 1/2-1/2

[Event "RUS-Cup03 Geller Memorial"]
[Site "Moscow"]
[Date "1999.02.08"]
[Round "7"]
[White "Maiorov, Oleg Ivanovich"]
[Black "Zakharevich, Igor"]
[Result "0-1"]
[WhiteElo "2400"]
[BlackElo "2532"]
[Annotator "Kaspi,A"]
[PlyCount "80"]
[EventDate "1999.02.10"]
[EventType "swiss"]
[EventRounds "9"]
[EventCountry "RUS"]
[SourceTitle "CBM 070"]
[Source "ChessBase"]
[SourceDate "1999.06.08"]
[SourceVersion "1"]
[SourceVersionDate "1999.06.08"]
[SourceQuality "1"]

1. e4 {Tyomkin,D} d6 2. d4 Nf6 3. Nc3 g6 4. f4 Bg7 5. Nf3 O-O 6. Bd3 Nc6 7. O-O
e5 8. fxe5 dxe5 9. d5 Nd4 10. Nxe5 Nxd5 11. Nxd5 Bxe5 12. Bf4 Nc6 13. Qd2 Be6
14. Bxe5 $6 (14. Bh6 $5 Bg7 15. Bxg7 Kxg7 16. Qc3+ f6 17. Ba6 Rb8 18. Rad1 Bxd5
19. Rxd5 Qe8 20. Rc5 Qxe4 21. Re1 Qh4 22. g3 $6 (22. Rc4 Qg5 23. Bxb7 Rxb7 24.
Rxc6 Rf7 25. Rc5 Qf4 26. a3 $14) 22... Qg4 23. Bxb7 Rxb7 24. Rxc6 Qd7 25. Qc5 (
25. a3 $14) 25... Rf7 26. Rce6 Rb5 (26... Rxb2 27. Re7 $6 (27. Rxf6 Rxf6 28.
Re7+ Rf7 29. Qe5+ Kh6 30. Qe3+ Kg7 31. Qe5+ $11) 27... Qd6 $17) 27. Qc3 Rd5 28.
Qe3 Qa4 29. Qc3 {1/2-1/2 Nevostrujev,V-Zakharevich,I/Orel 1992/EXT 92ch (69)})
14... Nxe5 15. Nf6+ Kg7 16. Qg5 $6 $146 (16. Qf4 Qd4+ 17. Kh1 Rad8 18. Qh4 h6
$15 19. Qg3 Rd6 20. Be2 Nd7 21. Nxd7 Rxd7 22. Bd3 (22. Rad1 Qxb2 23. Rxd7 Bxd7
24. Qxc7 Be6 $17) 22... c5 23. b3 c4 24. bxc4 Bxc4 25. Bxc4 Qxc4 26. e5 Re8 27.
Qf2 Qd4 28. Qf6+ Kg8 29. Rae1 Re6 30. Qf3 Rxe5 31. Rxe5 Qxe5 32. h3 h5 33. Qf2
Qd4 $19 {0-1 Mednis,E-Kaiszauri,K/Reykjavik 1982/MCD-op (46)}) 16... Ng4 $1 {
[%mdl 256]} 17. Nh5+ $8 Kh8 18. Nf6 {White is looking for the draw,but black's
position is already better.} Qd4+ 19. Kh1 h6 (19... Nf2+ $4 20. Rxf2 Qxf2 21.
Rf1 $18 {[%csl Rh7][%cal Gg5h6]}) 20. Qh4 $2 {White is sacrificing a piece
with the hope to get some attack.} (20. Qf4 Qxf6 21. Qxf6+ Nxf6 22. Rxf6 Kg7
23. Raf1 Rad8 $17 {This ending is clearly better for black:better pawn
strucure,open d-file for rooks and more active bishop are black's preferences
in this position.}) 20... g5 21. Qh5 Nxf6 22. Qxh6+ Nh7 23. e5 Qh4 24. Rf6 Rad8
$1 {[%cal Rd8d3][%mdl 256]} 25. Qxh4 (25. Bxh7 Qxh6 26. Rxh6 Kg7 $19) 25...
gxh4 26. Rh6 Rxd3 27. cxd3 h3 $19 {The result of last forsed operations is the
winning ending for black.} 28. Kg1 (28. gxh3 $2 Rg8 {[%cal Ge6d5]}) 28... Rd8
29. Rd1 Rd4 {[%csl Rh6][%cal Rh8g7]} 30. g3 Rd5 31. d4 c5 32. Rh4 Kg7 33. Kf2
Ng5 34. Rf4 cxd4 35. Rfxd4 Rxe5 36. a3 Ne4+ 37. Kf3 Nf6 38. g4 Kg6 39. Kg3 Kg5
40. Rb4 Ne4+ 0-1

[Event "Linares-03"]
[Site "Linares"]
[Date "1981.01.24"]
[Round "6"]
[White "Karpov, Anatoly"]
[Black "Christiansen, Larry Mark"]
[Result "1-0"]
[WhiteElo "2690"]
[BlackElo "2515"]
[Annotator "Kharitonov,A"]
[PlyCount "81"]
[EventDate "1981.01.17"]
[EventType "tourn"]
[EventRounds "11"]
[EventCountry "ESP"]
[EventCategory "13"]
[SourceTitle "MCL"]
[Source "ChessBase"]
[SourceDate "1999.07.01"]
[SourceVersion "1"]
[SourceVersionDate "1999.07.01"]
[SourceQuality "1"]

1. e4 d6 2. d4 Nf6 3. Nc3 g6 4. f4 Bg7 5. Nf3 O-O 6. Be3 Nc6 7. Qd2 (7. Be2 Ng4
8. Bg1 e5 9. fxe5 dxe5 10. d5 Nb8 $6 (10... Ne7 $5 11. h3 Nh6 12. g4 f5 $13)
11. h3 Nf6 12. Be3 c6 13. O-O cxd5 14. exd5 $16 {Balashov,Y-Cseshkovsky,V/URS
(ch)/1976/1:0 (43)/}) 7... e5 8. dxe5 (8. fxe5 dxe5 9. d5 Nd4 10. Nxe5 (10.
Nxd4 exd4 11. Bxd4 Nxe4 12. Nxe4 Qh4+ $17) 10... Nxe4 11. Nxe4 Qh4+ 12. Nf2
Bxe5 $13 {Kotkov,Y-Razuvaev,Y/Moscow/1971/}) 8... dxe5 9. Qxd8 Rxd8 10. fxe5
Ng4 11. Bg5 Rd7 (11... Re8 $6 12. Nd5) 12. Bb5 h6 $1 (12... Ngxe5 $6 13. Nxe5
Bxe5 14. Nd5 $1 Bxb2 (14... Kg7 15. O-O-O $16) 15. Rb1 Bg7 (15... Be5 16. Bf6
$36) 16. Bf4 $14) 13. Bd2 $6 (13. Bf4 g5 14. Bg3 Ne3 $13) (13. Bf4 Rd8 14. Bxc6
(14. Nd5 $5) 14... bxc6 15. h3 g5 $13) 13... Rd8 $5 14. Nd5 Ncxe5 15. Nxc7 Rb8
16. h3 $8 (16. Bf4 Nxf3+ 17. gxf3 Bxb2 18. Rb1 Bc3+ 19. Ke2 g5 $1 $17) 16...
Nxf3+ 17. gxf3 Nf2 $1 18. Rf1 Bxb2 (18... Nxh3 19. O-O-O $14) 19. Rb1 Bd4 20.
Nd5 Nxh3 21. Bxh6 Be6 (21... g5 $1 22. Rd1 Rxd5 $1 23. exd5 Bb6 $13 {Timman/})
22. Rd1 Be5 23. f4 $2 (23. Be3 $142 Bxd5 24. exd5 Bg3+ 25. Ke2 Nf4+ 26. Bxf4
Bxf4 27. c4 $10) 23... Bg7 $2 (23... Kh7 $1 24. fxe5 Kxh6 $17) 24. Bxg7 Kxg7
25. Rd3 $1 $16 g5 (25... Bxd5 $2 26. exd5 Rh8 27. Rff3 Ng1 28. Rg3 Rh1 29. Kf2
$18) (25... Rh8 26. f5 $1 gxf5 (26... Bxd5 27. f6+ Kf8 28. Rxd5) 27. exf5 Bxd5
28. f6+ Kf8 29. Rxd5 $16) 26. Rg3 $1 Bxd5 (26... Kf8 27. fxg5 $16 (27. f5 $6
Bxd5 28. exd5 Nf4 $13) 27... Kg7 (27... Bxd5 28. exd5 Rxd5 29. Rxh3 Rxb5 30.
Rh8+ $18) 28. Bd3) 27. exd5 Rxd5 28. Bd3 Rh8 29. Rff3 Nxf4 $2 (29... g4 30.
Rxg4+ Kf6 31. Rgg3 Rdh5 32. Bf1 $18) (29... Rd4 $5 30. Rxh3 Rxh3 31. Rxh3 Rxf4
$16) 30. Rxf4 $18 Rh2 31. a4 b6 32. Rc4 Rh1+ 33. Kd2 Ra1 34. Rf3 Rd7 35. Rf5 f6
36. Kc3 Rf7 37. Rd5 Rg1 38. Rc8 g4 (38... Rg4 39. a5) 39. Rh5 f5 (39... Rf8 40.
Rc7+ $18) 40. Bxf5 g3 41. Rh7+ (41. Rh7+ Kf6 42. Rc6+ Ke7 43. Rc7+ $18) 1-0

[Event "Haninge"]
[Site "Haninge"]
[Date "1990.??.??"]
[Round "6"]
[White "Hector, Jonny"]
[Black "Ftacnik, Lubomir"]
[Result "1-0"]
[WhiteElo "2465"]
[BlackElo "2560"]
[Annotator "King,D"]
[PlyCount "69"]
[EventDate "1990.05.??"]
[EventType "tourn"]
[EventRounds "11"]
[EventCountry "SWE"]
[EventCategory "14"]
[SourceTitle "CBM 018"]
[Source "ChessBase"]
[SourceDate "1990.10.01"]
[SourceVersion "1"]
[SourceVersionDate "1990.10.01"]
[SourceQuality "1"]

1. e4 d6 2. d4 Nf6 3. Nc3 g6 4. f4 Bg7 5. Nf3 O-O 6. Bd3 Nc6 7. O-O Bg4 8. e5
Nd7 9. Be3 dxe5 10. dxe5 f6 11. exf6 exf6 12. h3 Be6 13. Bb5 $1 $14 {White has
a nagging edge after this move.} Nb6 14. Qe2 Re8 15. Rad1 Qe7 16. Rfe1 Qb4 17.
Nd4 Bc4 18. Qf3 Bxb5 19. Ndxb5 Re7 20. a3 Qxb2 21. Bxb6 axb6 22. Rxe7 Nxe7 23.
Qe2 Nf5 24. Rb1 Qxb1+ 25. Nxb1 c6 26. g4 cxb5 27. gxf5 Bf8 28. Qe6+ Kg7 29.
Qxb6 Ra4 30. Qxb7+ Kh6 31. fxg6 hxg6 32. Qxb5 Rxf4 33. Kg2 Rf5 34. Qd3 Bc5 35.
Nd2 1-0

[Event "Dortmund-A"]
[Site "Dortmund"]
[Date "1991.??.??"]
[Round "5"]
[White "Schmittdiel, Eckhard"]
[Black "Chernin, Alexander"]
[Result "0-1"]
[WhiteElo "2485"]
[BlackElo "2610"]
[Annotator "King,D"]
[PlyCount "88"]
[EventDate "1991.03.23"]
[EventType "tourn"]
[EventRounds "9"]
[EventCountry "GER"]
[EventCategory "12"]
[SourceTitle "CBM 023"]
[Source "ChessBase"]
[SourceDate "1991.08.01"]
[SourceVersion "1"]
[SourceVersionDate "1991.08.01"]
[SourceQuality "1"]

1. e4 d6 2. d4 Nf6 3. Nc3 g6 4. f4 Bg7 5. Nf3 c5 6. dxc5 Qa5 7. Bd3 Qxc5 8. Qe2
Bg4 9. Be3 Qa5 10. O-O Nc6 11. h3 Bxf3 12. Qxf3 O-O 13. a3 Nd7 14. Rab1 {
Not an inspiring novelty. 14.Bd2 is of course normal.} Bxc3 15. bxc3 Qxc3 16.
Bc1 Rac8 17. Bb2 Qc5+ 18. Kh1 Nb6 19. e5 dxe5 20. f5 Nc4 21. Bc1 Nd6 22. Bh6 e4
23. Bxe4 Nd4 24. Qg4 Nxe4 25. fxg6 hxg6 26. Qxe4 Nf5 27. Rxf5 Qxf5 28. Qxf5
gxf5 29. Bxf8 Kxf8 30. Rxb7 Rxc2 31. Rxa7 f4 {A difficult ending for white.
Compare with Hodgson-Motwani, London 1988: W: Kg1, Ra6, a4,c3,g2,h3. B: Kg6,
Rc2, f6,f4,e4:- 53...e3 54.Re6 Rc1 55.Kh2 Kf7 56.Re4 f5 57.Re5 Kf6 58.Re8 Rc3
59.h4 Ra3 60.h5 Kg5 61.Re5 Ra4 -+.} 32. Ra5 (32. a4 $5) 32... Kg7 33. Rf5 Rc4
34. g3 $19 fxg3 35. Kg2 Kg6 36. Rf3 f5 37. Kxg3 e5 38. Rb3 Kg5 39. Rb5 Rc3+ 40.
Kg2 Kf4 41. a4 Rc2+ 42. Kf1 e4 43. a5 e3 44. h4 Ke4 0-1

[Event "San Francisco"]
[Site "San Francisco"]
[Date "1991.??.??"]
[Round "3"]
[White "Rogers, Ian"]
[Black "Torre, Eugenio"]
[Result "1/2-1/2"]
[WhiteElo "2545"]
[BlackElo "2530"]
[Annotator "King,D"]
[PlyCount "98"]
[EventDate "1991.03.??"]
[EventType "tourn"]
[EventRounds "11"]
[EventCountry "USA"]
[EventCategory "12"]
[SourceTitle "CBM 023"]
[Source "ChessBase"]
[SourceDate "1991.08.01"]
[SourceVersion "1"]
[SourceVersionDate "1991.08.01"]
[SourceQuality "1"]

1. e4 d6 2. Nc3 g6 3. f4 Bg7 4. Nf3 Nf6 5. d4 O-O 6. Bd3 Na6 7. O-O c5 8. d5
Bg4 9. Qe1 {Ian Rogers repeats this attacking plan against Ftacnik in the same
tournament. It is too crude to be effective. The first problem is that the
bishop on d3 can be exchanged off.} Nb4 10. Qh4 c4 (10... Nxd3 $1 11. cxd3 Bxf3
12. Rxf3 e6 $10) 11. Bxc4 Nxc2 12. Rb1 Rc8 13. Bb3 Qb6+ 14. Kh1 Bxf3 15. Bxc2
Be2 16. Re1 Bc4 17. Be3 Qa5 18. a3 Rfe8 19. Bd4 Nd7 20. Bxg7 Kxg7 21. Re3 Nf6
22. Rh3 h5 23. Rg3 Qb6 24. h3 Ba2 25. Ra1 Bb3 26. Bd3 Bc4 27. e5 Bxd3 28. exf6+
exf6 29. Rxd3 Qxb2 30. Re1 Qxa3 31. Kh2 Qb3 32. Rf3 Qc2 33. Nb5 Qc5 34. Nc3 Qd4
35. Rxe8 Rxe8 36. Qf2 Qxf2 37. Rxf2 a6 38. Re2 Rxe2 39. Nxe2 f5 40. Kg3 Kf6 41.
h4 Ke7 42. Kf3 Kd7 43. Ke3 Kc7 44. Kd4 Kb6 45. Kc4 Ka5 46. Nc1 b5+ 47. Kb3 Kb6
48. Nd3 a5 49. Kc3 Ka6 1/2-1/2

[Event "OHRA-B"]
[Site "Amsterdam"]
[Date "1990.??.??"]
[Round "5"]
[White "Polgar, Sofia"]
[Black "Piket, Marcel"]
[Result "1-0"]
[WhiteElo "2425"]
[BlackElo "2350"]
[Annotator "King,D"]
[PlyCount "95"]
[EventDate "1990.07.??"]
[EventType "swiss"]
[EventRounds "9"]
[EventCountry "NED"]
[SourceTitle "CBM 020"]
[Source "ChessBase"]
[SourceDate "1991.02.01"]
[SourceVersion "1"]
[SourceVersionDate "1991.02.01"]
[SourceQuality "1"]

1. e4 d6 2. d4 Nf6 3. Nc3 g6 4. f4 Bg7 5. Nf3 O-O 6. Bd3 Na6 7. O-O c5 8. d5
Rb8 9. Qe1 Nb4 10. a3 (10. Qh4 b5 11. a3 Nxd3 12. cxd3 Bg4 13. f5 Qc8 14. Bh6
Bxf3 15. Rxf3 b4 $15 {Nunn-van der Sterren, Inf.32/178.}) 10... Nxd3 11. cxd3
Bg4 12. Nd2 Bd7 13. a4 e6 14. dxe6 fxe6 15. Nc4 d5 16. Ne5 Bc8 17. Bd2 {
17...Ra8 /\ b6,Bb7  - see game.} Nd7 18. Qg3 Nf6 19. Rad1 Ra8 20. Kh1 b6 21.
Bc1 Bb7 22. Rde1 a6 23. f5 Nh5 24. Qh3 exf5 25. exf5 Qd6 26. Ng4 Rae8 27. Rxe8
Rxe8 28. Nh6+ Bxh6 29. Bxh6 Qf6 30. Qf3 Qxf5 31. Qd1 Qe6 32. Qf3 Qf5 33. Qd1
Qe6 34. Qf3 Ng7 35. g4 Bc6 36. Kg1 b5 37. d4 cxd4 38. Ne2 Bb7 39. Nxd4 Qd7 40.
axb5 axb5 41. b4 Qe7 42. h3 Qd7 43. Qf6 Qe7 44. Nxb5 Ba6 45. Nd6 Qxf6 46. Rxf6
Rb8 47. Rf7 Ne6 48. Re7 1-0

[Event "USA-ch m"]
[Site "Jacksonville"]
[Date "1990.??.??"]
[Round "3"]
[White "De Firmian, Nick E"]
[Black "Alburt, Lev O"]
[Result "1/2-1/2"]
[WhiteElo "2560"]
[BlackElo "2530"]
[Annotator "King,D"]
[PlyCount "130"]
[EventDate "1990.08.??"]
[EventType "k.o."]
[EventRounds "4"]
[EventCountry "USA"]
[SourceTitle "CBM 021"]
[Source "ChessBase"]
[SourceDate "1991.04.01"]
[SourceVersion "1"]
[SourceVersionDate "1991.04.01"]
[SourceQuality "1"]

1. e4 d6 2. d4 Nf6 3. Nc3 g6 4. f4 Bg7 5. Nf3 c5 6. Bb5+ Bd7 7. e5 Ng4 8. e6
fxe6 9. Ng5 Bxb5 10. Nxe6 Bxd4 11. Nxb5 Qa5+ 12. Qd2 Bf2+ 13. Kd1 Ne3+ 14. Ke2
Qxb5+ 15. Kxf2 Ng4+ 16. Kg3 Qd7 (16... Kd7 $1 17. Re1 Nh6 18. h3 Nc6 19. Kh2
Nf5 20. c3 Nd8 $17 {Analysis by Dlugy.}) 17. Re1 Nh6 18. b3 Nc6 19. Bb2 Nf5+
20. Kf2 Nfd4 21. Kg1 Nxe6 22. Bxh8 O-O-O 23. Bb2 Rf8 24. Rf1 Rf5 25. Rae1 Nc7
26. Rf2 Qe8 27. a3 Qg8 28. Qe3 Nd5 29. Qe4 Qf7 30. Ref1 h5 31. g3 Kd7 32. h3
Qe6 33. Qxe6+ Kxe6 34. Re1+ Kd7 35. Re4 Nf6 36. Bxf6 Rxf6 37. Kg2 b5 38. g4
hxg4 39. hxg4 a5 40. Re3 b4 41. axb4 axb4 42. Rh3 Nd4 43. Rh6 d5 44. Kg3 Rc6
45. f5 gxf5 46. Rxc6 Kxc6 47. g5 Kd6 48. Kh4 e5 49. g6 f4 50. Rg2 f3 51. Rg1 e4
52. g7 Nf5+ 53. Kh3 Nxg7 54. Rxg7 Ke5 55. Kg3 Kd4 56. Rd7 Kc3 57. Rxd5 Kxc2 58.
Rxc5+ Kxb3 59. Kf2 Ka4 60. Rc4 Ka3 61. Rxe4 b3 62. Re1 b2 63. Kxf3 Ka2 64. Ke2
b1=Q 65. Rxb1 Kxb1 1/2-1/2

[Event "OHRA-B"]
[Site "Amsterdam"]
[Date "1990.??.??"]
[Round "6"]
[White "Van Riemsdijk, Herman Claudius"]
[Black "Anand, Viswanathan"]
[Result "0-1"]
[WhiteElo "2440"]
[BlackElo "2610"]
[Annotator "King,D"]
[PlyCount "116"]
[EventDate "1990.07.??"]
[EventType "swiss"]
[EventRounds "9"]
[EventCountry "NED"]
[SourceTitle "CBM 020"]
[Source "ChessBase"]
[SourceDate "1991.02.01"]
[SourceVersion "1"]
[SourceVersionDate "1991.02.01"]
[SourceQuality "1"]

1. e4 d6 2. d4 g6 3. Nc3 Bg7 4. f4 Nf6 5. Nf3 O-O 6. Bd3 Na6 7. O-O c5 8. d5
Bg4 9. h3 (9. Bc4 Nc7 10. h3 Bxf3 11. Qxf3 e6 12. dxe6 fxe6 13. Be3 b6 14. Rad1
Qe7 15. Rfe1 Kh8 16. g4 Rad8 17. Bf2 Nd7 18. Qg3 g5 19. f5 Ne5 20. Bf1 h5 $13 {
Wedberg-Azmaiparashvili, Reykjavik 1990.}) 9... Bxf3 10. Qxf3 Nb4 $14 11. a3
Nxd3 12. Qxd3 Qb6 13. Qc4 Qa5 14. Bd2 b5 15. Qe2 Qb6 16. e5 Nd7 17. Qxb5 Qxb5
18. Nxb5 dxe5 19. Rae1 Nb6 20. fxe5 Nxd5 21. c4 Nb6 22. b3 a6 23. Nc3 Rfd8 24.
Bf4 Nd7 25. Rf3 Nf8 26. Nd5 Ra7 27. Bg5 Re8 28. Be3 Ne6 29. b4 Rc8 30. Bf2 Rb7
31. b5 axb5 32. cxb5 Rd8 33. Nc3 Nd4 34. Bxd4 cxd4 35. Rd3 Rbb8 36. Red1 Bxe5
37. a4 Ra8 38. b6 Rd6 39. b7 Rb8 40. Ne4 Rd7 41. Nc5 Rd5 42. Rc1 Bd6 43. Rb3
Rxc5 44. Rxc5 Bxc5 45. a5 e5 46. a6 e4 47. Kf1 Ba7 48. Rb4 e3 49. Ke2 Rd8 50.
Kd3 Re8 51. Rb2 f5 52. Rc2 e2 53. Rxe2 Re3+ 54. Rxe3 dxe3 55. b8=Q+ Bxb8 56.
Kxe3 Kf7 57. g4 fxg4 58. hxg4 Kf6 0-1

[Event "Debrecen"]
[Site "Debrecen"]
[Date "1990.??.??"]
[Round "9"]
[White "Oll, Lembit"]
[Black "Dorfman, Josif D"]
[Result "1/2-1/2"]
[WhiteElo "2570"]
[BlackElo "2595"]
[Annotator "King,D"]
[PlyCount "31"]
[EventDate "1990.06.??"]
[EventType "tourn"]
[EventRounds "11"]
[EventCountry "HUN"]
[EventCategory "13"]
[SourceTitle "CBM 020"]
[Source "ChessBase"]
[SourceDate "1991.02.01"]
[SourceVersion "1"]
[SourceVersionDate "1991.02.01"]
[SourceQuality "1"]

1. e4 d6 2. d4 Nf6 3. Nc3 g6 4. f4 Bg7 5. Nf3 c5 6. Bb5+ Bd7 7. e5 Ng4 8. e6
fxe6 9. Ng5 Bxb5 10. Nxb5 Qa5+ 11. c3 Qxb5 12. Nxe6 (12. Qxg4) 12... Qc4 13.
Qxg4 cxd4 14. f5 {14.f5 N.} Bf6 15. fxg6 Rg8 16. g7 {Unfortunately the players
didn't tell us very much. I imagine that black is probably alright after 16...
Nc6.} 1/2-1/2